000 00531nam a2200181Ia 4500
008 220204s9999 xx 000 0 und d
082 _a633:632.153
_bSAT
245 0 _aWater management for plantation crops : Problems and prospects
260 _aKozhikode
_bCentre for water resources development and management
_c1994
650 _aCardamom
650 _aCashew nut
650 _aCoconut
650 _aInfluence of weather
650 _aMicro-irrigation
650 _aSpice crops
700 _aSatheesan, K V
942 _cBK
999 _c43754
_d43754